Análisis de estabilidad de voltaje utilizando el método numérico no convencional Primal Dual
Guardat en:
| Autor principal: | |
|---|---|
| Format: | Llibre |
| Publicat: |
[San José, Costa Rica]
2008
|
| Matèries: | |
| Etiquetes: |
Afegir etiqueta
Sense etiquetes, Sigues el primer a etiquetar aquest registre!
|
MARC
| LEADER | 00000nam a2200000Ia 4500 | ||
|---|---|---|---|
| 001 | 5864 | ||
| 003 | 010404 | ||
| 005 | 20221231144050.0 | ||
| 008 | 140114s2008 cr a 000 ||s d | ||
| 040 | |c cru CEDI | ||
| 100 | |a Sánchez Salazar, Óscar |9 3840 | ||
| 245 | |a Análisis de estabilidad de voltaje utilizando el método numérico no convencional Primal Dual | ||
| 260 | |c 2008 |b [San José, Costa Rica] | ||
| 300 | |a viii, 99 hojas; ilustraciones | ||
| 500 | |a Proyecto de graduación (bachillerato en ingeniería eléctrica)--Universidad de Costa Rica. Facultad de Ingeniería. Escuela de Ingeniería Eléctrica | ||
| 650 | |x CONTROL DE SISTEMAS DE ENERGIA ELECTRICA |x REGULADORES DE VOLTAJE |x SISTEMAS DE INTERCONEXION ELECTRICA |x MODELOS MATEMATICOS |9 3841 | ||
| 942 | |c BK | ||
| 999 | |c 16372 |d 16372 | ||
